Największe miasta na Ziemiach Odzyskanych - nagła śmierć - Statystyki

Ogólne statystyki
  • Ten quiz został rozwiązany 465 razy
  • Średni wynik to 6 z 20
Answers on the Grid
Answers color-coded by a green-red scale on the quiz's grid according to % correct below.
Wrocław
Gdańsk
Szczecin
Gliwice
Zabrze
Olsztyn
Bytom
Zielona Góra
Opole
Gorzów Wielkopolski
Elbląg
Wałbrzych
Koszalin
Słupsk
Legnica
Jelenia Góra
Piła
Lubin
Stargard
Głogów
Strzelce Opolskie
Brzeg
Kędzierzyn-Koźle
Nowa Sól
Kostrzyn nad Odrą
Zgorzelec
Świnoujście
Kołobrzeg
Lębork
Gołdap
Ełk
Olecko
Bartoszyce
Wschowa
Trzebnica
Oława
Pyskowice
Toszek
Środa Śląska
Polkowice
 
Statystyki odpowiedzi
Odpowiedź % Poprawnych
Wrocław
50%
Szczecin
43%
Zielona Góra
40%
Opole
38%
Gorzów Wielkopolski
36%
Koszalin
35%
Wałbrzych
34%
Olsztyn
33%
Jelenia Góra
30%
Gdańsk
29%
Legnica
29%
Gliwice
27%
Elbląg
25%
Bytom
21%
Słupsk
21%
Zabrze
21%
Lubin
18%
Głogów
13%
Piła
11%
Stargard
9%
Nie znaleziono quizów pasujących do podanych kryteriów
Rozkład punktacji
Procent ludzi z każdym wynikiem
Percentyl według liczby udzielonych odpowiedzi
Twoja historia wyników
Nie rozwiązałeś tego quizu